| 000 | 00391nam a2200157 a 4500 | ||
|---|---|---|---|
| 001 | 2402 | ||
| 003 | CDMR | ||
| 005 | 20131002134528.0 | ||
| 008 | 130130s1960||||||||||||||||||||||||||||d | ||
| 040 |
_aCDMR _bcat _cCDMR |
||
| 100 | 1 |
_aBrincourt, André _91796 |
|
| 245 | 1 | 3 | _aLa télévision et ses promesses |
| 260 |
_aParis _c1960 _bLa table ronde |
||
| 490 | 0 | _aL'ordre du jour | |
| 942 |
_cMON _2udc |
||
| 999 |
_c2402 _d2402 |
||